Οι 12 Άθλοι του Ηρακλή - Statistics

General Stats
  • This quiz has been taken 29 times
  • The average score is 4 of 12
Answer Stats
# Άθλος % Correct
2 Εξόντωση της {Λερναίας Ύδρας}
81%
1 Εξόντωση του {Λιονταριού της Νεμέας}
63%
6 Εξόντωση των {Στυμφαλίδων Ορνίθων}
44%
11 Κλόπη των {Μήλων των Εσπερίδων}
44%
12 Σύλληψη του {Κέρβερου}
41%
5 Καθαρισμός των {Στάβλων του Αυγεία}
37%
9 Κλοπή της {Ζώνης της Ιππολύτης}
33%
8 Σύλληψη των {Αλόγων του Διομήδη}
19%
7 Σύλληψη του {Ταύρου της Κρήτης}
7%
3 Σύλληψη του {Ελαφιού της Κερύνειας}
4%
4 Εξόντωση του {Κάπρου του Ερύμανθου}
4%
10 Σύλληψη των {Βοδιών του Γυρηόνη}
4%
No matching quizzes found
Score Distribution
Percent of People with Each Score
Percentile by Number Answered
Your Score History
You have not taken this quiz